000 00807nam a2200217Ii 4500
003 JO-AjNU
008 230605s9999||||xx |||||||||||||| ||und||
017 _a2001/3/571
040 _aJO-AjNU
_bara
_erda
_cJO-AjNU
041 _aara
050 1 4 _aBP173.42.T3545 2001
100 3 _aالتميمي، عز الدين الخطيب,
_eauthor
_952945
245 0 0 _aفقه الأسرة في الإسلام : الخطبة- الزواج- مقاييس اختيار الزوجين-واجبات الأزواج- الطلاق
250 _aط3
264 3 1 _aعمان: امانة عمان، 2001
300 _a99ص
336 _atext
_btxt
_2rdacontent
337 _aunmediated
_bn
_2rdamedia
338 _avolume
_bnc
_2rdacarrier
650 4 _aالاحوال الشخصية- الاسرة في الاسلام
_952946
999 _aA23483
_c27051
_d27051